000
00323nam a2200121Ia 4500
008
191129s9999 xx 000 0 und d
020
_a
9781618705839
245
_a
Holy bible/
260
_a
Texas:
_b
World Bible Translation Center inc.
_c
2012
300
_a
1031 p. ;
_b
ill. :
_c
21 cm.
650
_a
Bible
650
_a
Religion
999
_c
362791
_d
362791